Landwirtschaftliche Produktionsgebiete

Bibliographic Details
Format: Map
Language:German
PhysicalDescription:1 mapa farebná 19 x 46 cm
Published: [Rakúsko?] [vydavateľ neznámy] [nie pred 1920]
Subjects:

MARC

LEADER 00000nem a2200000 4500
001 vtls010272119
003 SK-MaSNL
005 20260311141901.0
007 aj cazza
008 110418q1920 au a 0 r ger
015 |a SNBC 
034 0 |a a 
040 |a SNK  |b slo  |c SNK  |e rda 
041 0 |a ger 
043 |a e-cs--- 
044 |a au  |c AT 
072 7 |a 912  |x Mapy. Atlasy  |2 konspekt 
080 |a (437)  |2 2011 
080 |a 631.15  |2 2011 
245 0 0 |a Landwirtschaftliche Produktionsgebiete 
255 |a Mierka neuvedená 
264 1 |a [Rakúsko?]  |b [vydavateľ neznámy]  |c [nie pred 1920] 
300 |a 1 mapa  |b farebná  |c 19 x 46 cm 
336 |a kartografický obraz  |b cri  |2 rdacontent 
337 |a nesprostredkovaný  |b n  |2 rdamedia 
338 |a list  |b nb  |2 rdacarrier 
650 0 7 |a poľnohospodárska výroba  |2 SNKPH  |9 973 
650 0 7 |a Agriculture  |2 SNKPHeng  |9 265172 
651 7 |a Československo  |2 SNKPHgeo  |9 21376 
651 7 |a Czechoslovakia  |2 SNKPHeng  |9 265183 
655 7 |a poľnohospodárske mapy  |2 SNKPH  |9 652573 
852 |a Slovenská národná knižnica 
954 |a mapy cudzojazyčné (svetové)  |2 lita 
958 |a ONDV 
958 |a CRG 
958 |a CRBN 
999 |c 1007158  |d 1009088 
952 |a SNK  |b SNK  |y PREZ  |7 0  |p 17A1437433  |o snkSLCm 127  |i snkK 1764/62  |8 3  |0 0  |1 0  |4 0  |d 2022-06-15  |l 0  |r 2026-02-24 12:39:59  |w 2026-02-24